000 00993 a2200229 4500
005 20081010144347.0
008 081010t xxu||||| |||| 00| 0 ur d
010 _aUR-7216
020 _c40.00
035 _aU-5783
037 _bD.B.Act/pub
082 _a270.9
100 _aعبد الر قيب
245 _aمسلما نو ں کے عروج و زوال کا راز
_cعبد الرقيب
246 _aMuslmano ke urooj-o-zawal ka raaz
_bby Abdul Raqeeb
260 _aدھلی
_bدارالاشا عت مصطفا‏ئ
_c20007
270 _a3191 ،وکيل والی گلی ،کو چہ پنڈت ،لال کنواں ،
_bدھلی
_e110006
_k23216162
_l009101123211540
_mmustafai@sify.com
300 _a136p
_c22cm/(pbb)
650 _aمز ہبی کتا ب
942 _adpl
_cUR
_k
_2ddc
_h270.9
_mع ب د
999 _c2152
_d2152